Scooby Doo Ultimate Quiz - Statistics

General Stats
  • This quiz has been taken 84 times
  • The average score is 13 of 27
Answer Stats
Hint Answer % Correct
The man with the plan Fred
98%
The dog Scooby Doo
98%
The hungry human Shaggy
98%
The smart one Velma
97%
The one in purple Daphne
95%
How many Zombie Island Movies are there? 2
78%
What is Shaggy and Scooby's favorite snack? Scooby Snacks
75%
How Many Live Action Scooby Movies are there? 4
69%
How many TV shows are based around Scooby Doo? (as of 2025) 13
54%
What Year did Scooby Doo Where Are You first debut? 1969
52%
Who currently voices Shaggy and played him in a Live Action Movie? Matthew Lillard
52%
Who Played Fred in the original live action movie? Freddie Prinze Jr.
49%
What Year did What's New Scooby Doo first debut? 2002
48%
What is Shaggy most commonly eat? Sandwiches
46%
Who was the villian in the first Live Action Scooby Doo Movie? Scrappy Doo
46%
Who was the original voice of Shaggy Casey Kasem
35%
What Company is primarily known for Scooby Doo (Not Warner Bros) Hanna Barbera
32%
What Band sang the What's New Scooby Doo! Theme Song? Simple Plan
32%
What was the island named in the original Scooby Doo live action Movie? Spooky Island
31%
What was the first ever episode of Scooby Doo named? What a Night for a Knight
31%
What is the island named in Scooby Doo on Zombie Island? Moonscar Island
22%
What is the name of the sequal to the first live action movie? Scooby Doo Monsters Unleashed
18%
Who Played Fred in the Live action, Mystery Begins Movie? Robbie Amell
15%
Who Voiced Scooby Doo in Where Are You? Don Messick
9%
What movie was cartoon Shaggy talking to Matthew Lillard? Looney Tunes Back In Action
9%
What is the name of the sequal to the Mystery Begins live action movie? Scooby Doo Curse of the Lake Monster
9%
What was the first villian in What's New Scooby Doo! named? The Snow Creature
5%
No matching quizzes found
Score Distribution
Percent of People with Each Score
Percentile by Number Answered
Your Score History
You have not taken this quiz